ბათუმის შოთა რუსთაველის სახელმწიფო უნივერსიტეტის ბიბლიოთეკა

Теория экономического анализа: Учебник (ბიბ.ჩანაწერი № 37117)

000 -LEADER
fixed length control field 00711nam a2200229Ia 4500
001 - CONTROL NUMBER
control field 3073
003 - CONTROL NUMBER IDENTIFIER
control field GE_BSU
008 - FIXED-LENGTH DATA ELEMENTS--GENERAL INFORMATION
fixed length control field 181216s||||||||xx |||||||||||||| ||und||
020 ## - INTERNATIONAL STANDARD BOOK NUMBER
International Standard Book Number 5279016810
040 ## - CATALOGING SOURCE
Transcribing agency GE_BSU
100 ## - MAIN ENTRY--PERSONAL NAME
Personal name Баканов, М.И. А.Д. Шеремет;
245 ## - TITLE STATEMENT
Title Теория экономического анализа: Учебник
245 ## - TITLE STATEMENT
Statement of responsibility, etc. Ред. Л.И. Ларина,
250 ## - EDITION STATEMENT
Edition statement 4-е изд,доп. и перераб.
260 ## - PUBLICATION, DISTRIBUTION, ETC.
Place of publication, distribution, etc. Москва
260 ## - PUBLICATION, DISTRIBUTION, ETC.
Name of publisher, distributor, etc. Финансы и статистика
260 ## - PUBLICATION, DISTRIBUTION, ETC.
Date of publication, distribution, etc. 1007
300 ## - PHYSICAL DESCRIPTION
Extent 416 ст. ил.
653 ## - INDEX TERM--UNCONTROLLED
Uncontrolled term Теория экономического анализа
942 ## - ADDED ENTRY ELEMENTS (KOHA)
Koha item type კომპიუტერის ფაილები
ეგზემპლარები
Withdrawn status Lost status Damaged status Not for loan Date acquired Barcode Date last seen Price effective from Koha item type
        2018-12-17 7854 2018-12-17 2018-12-17 კომპიუტერის ფაილები